000 00617nam a2200229Ia 4500
003 OSt
005 20220924114243.0
006 a|||||r|||| 00| 0
007 ta
008 220923b |||||||| |||| 00| 0 pur d
024 _a309461
037 _cTextual
040 _aARTS
_cARTS
_bpur
041 _2pur
_apur
082 _aO164,3J51x, 168C3
100 _aKhan Neyaz
_9172656
245 0 _aZever e aql
260 _aAmritsar
_bAnand Parkashan India
_c1893
650 _aPERSIAN LITERATURE
_9309
942 _hO164,3J51x, 168C3
_cTEXL
_2CC
999 _c392710
_d392710